000 00378 a2200157 4500
001 72397
020 _a858641901X
040 _cAnchieta - Colégio São Paulo
100 _aBandeira, Pedro
240 1 0 _aO mistério da fábrica de livros
_lpor
245 1 0 _aO mistério da fábrica de livros
300 _a86
362 0 _a1994
650 4 _aLiteratura juvenil
942 _cBK
999 _c72397
_d72397